| Tag |
First Indicator |
Second Indicator |
Subfields |
| LEADER |
00000cam a22000008a 4500 |
| 001 |
in00002017635 |
| 005 |
20151031160443.0 |
| 008 |
031020s2004 enkaf b 000 0 eng |
| 015 |
|
|
|a GBA3-T7149
|
| 020 |
|
|
|a 0750659343
|
| 035 |
|
|
|a (OCoLC)ocm53392344
|
| 040 |
|
|
|a UKM
|c UKM
|d KKS
|d IBS
|d SYB
|d TXA
|d UtOrBLW
|
| 049 |
|
|
|a TXAM
|
| 082 |
0 |
4 |
|a 307.1216
|2 21
|
| 090 |
|
|
|a NA9031
|b .W35 2004
|
| 100 |
1 |
|
|a Walters, David.
|
| 245 |
1 |
0 |
|a Design first :
|b design-based planning for communities /
|c David Walters, Linda Brown.
|
| 264 |
|
1 |
|a Oxford ;
|a Boston :
|b Architectural,
|c 2004.
|
| 300 |
|
|
|a x, 277 pages, 16 unnumbered pages of plates :
|b illustrations (some color)
|
| 336 |
|
|
|a text
|b txt
|2 rdacontent
|
| 337 |
|
|
|a unmediated
|b n
|2 rdamedia
|
| 338 |
|
|
|a volume
|b nc
|2 rdacarrier
|
| 505 |
0 |
0 |
|g Introduction :
|t history, theory, and contemporary practice --
|t Paradigms lost and found : dilemmas of the Anglo-American city --
|t Cities, suburbs, and sprawl --
|t Traditional urbanism : new urbanism and smart growth --
|t Devices and designs : sources of good urbanism --
|t Growth management, development control, and the role of urban design --
|t Urban design in the real world --
|t The region, case study 1 : CORE, North Carolina --
|t The city, case study 2 : city of Raleigh, NC Arena small area plan --
|t The town, case study 3 : Mooresville, North Carolina --
|t The neighborhood, case study 4 : Haynie-Sirrine Neighborhood, Greenville, South Carolina --
|t The block, case study 5 : town center, Cornelius, North Carolina.
|
| 650 |
|
0 |
|a City planning.
|
| 700 |
1 |
|
|a Brown, Linda.
|
| 948 |
|
|
|a cataloged
|b h
|c 2005/1/7
|d c
|e rdavis
|f 10:36:22 am
|
| 994 |
|
|
|a E0
|b TXA
|
| 999 |
|
|
|a MARS
|
| 999 |
f |
f |
|s 62b1ee13-a04c-388e-8802-9c5db366852d
|i cab993e4-e9ba-33ef-b5c4-529295d32ce8
|t 0
|
| 952 |
f |
f |
|p normal
|a Texas A&M University
|b College Station
|c Sterling C. Evans Library
|d Evans: Library Stacks
|t 0
|e NA9031 .W35 2004
|h Library of Congress classification
|i unmediated -- volume
|m A14831725541
|
| 998 |
f |
f |
|a NA9031 .W35 2004
|t 0
|l Evans: Library Stacks
|